000 00396nam a2200169Ia 4500
008 230524s9999 xx 000 0 und d
020 _a0074634917
082 _a4
_bGOT
100 _aByron Gottfried
245 0 _aSchaum's Programming with C
250 _a2ND
260 _aNEW DELHI
_bTMH
_c2000
300 _aVIII;532
500 _aQuantity Number: 49
650 _aComp-Sc
942 _cBK
999 _c23485
_d23485